Fasting for spiritual breakthrough / (Record no. 3043)
[ view plain ]
| 000 -LEADER | |
|---|---|
| fixed length control field | 00836cam a2200277 a 4500 |
| 001 - CONTROL NUMBER | |
| control field | 118534 |
| 003 - CONTROL NUMBER IDENTIFIER | |
| control field | GBCCL |
| 005 - DATE AND TIME OF LATEST TRANSACTION | |
| control field | 20241126110445.0 |
| 008 - FIXED-LENGTH DATA ELEMENTS--GENERAL INFORMATION | |
| fixed length control field | 960209s1996 caua b 000 0 eng |
| 010 ## - | |
| -- | 96004988 |
| 020 ## - INTERNATIONAL STANDARD BOOK NUMBER | |
| International Standard Book Number | 0830718397 |
| 035 ## - SYSTEM CONTROL NUMBER | |
| System control number | (OCoLC)ocm34322879 |
| 040 ## - CATALOGING SOURCE | |
| Original cataloging agency | DLC |
| Transcribing agency | DLC |
| Modifying agency | BAKER |
| -- | LBB |
| 049 ## - | |
| -- | LBBK |
| -- | LBBT |
| 050 00 - | |
| -- | BV5055 |
| -- | .T69 1996 |
| 082 ## - DEWEY DECIMAL CLASSIFICATION NUMBER | |
| Classification number | 248.47 |
| Item number | TOW |
| 090 ## - LOCALLY ASSIGNED LC-TYPE CALL NUMBER (OCLC); LOCAL CALL NUMBER (RLIN) | |
| Classification number (OCLC) (R) ; Classification number, CALL (RLIN) (NR) | BV5055 |
| Local cutter number (OCLC) ; Book number/undivided call number, CALL (RLIN) | .T69 1996 |
| 100 1# - MAIN ENTRY--PERSONAL NAME | |
| Personal name | Towns, Elmer L. |
| 9 (RLIN) | 410 |
| 245 10 - TITLE STATEMENT | |
| Title | Fasting for spiritual breakthrough / |
| Statement of responsibility, etc. | Elmer L. Towns. |
| 260 ## - PUBLICATION, DISTRIBUTION, ETC. | |
| Place of publication, distribution, etc. | Ventura, Calif. : |
| Name of publisher, distributor, etc. | Regal Books, |
| Date of publication, distribution, etc. | c1996. |
| 300 ## - PHYSICAL DESCRIPTION | |
| Extent | 251 p. : |
| Other physical details | ill. ; |
| Dimensions | 22 cm. |
| 504 ## - BIBLIOGRAPHY, ETC. NOTE | |
| Bibliography, etc. note | Includes bibliographical references (p. [249]-251). |
| 650 #0 - SUBJECT ADDED ENTRY--TOPICAL TERM | |
| Topical term or geographic name entry element | Fasting |
| General subdivision | Religious aspects |
| -- | Christianity. |
| 9 (RLIN) | 6109 |
| 650 #0 - SUBJECT ADDED ENTRY--TOPICAL TERM | |
| Topical term or geographic name entry element | Fasting |
| General subdivision | Biblical teaching. |
| 9 (RLIN) | 6317 |
| 942 ## - ADDED ENTRY ELEMENTS (KOHA) | |
| Source of classification or shelving scheme | Dewey Decimal Classification |
| Koha item type | Books |
| Koha issues (borrowed), all copies | 3 |
| Withdrawn status | Lost status | Source of classification or shelving scheme | Damaged status | Not for loan | Home library | Current Library | Shelving location | Date acquired | Total checkouts | Full call number | Barcode | Date last seen | Date last checked out | Copy number | Price effective from | Koha item type |
|---|---|---|---|---|---|---|---|---|---|---|---|---|---|---|---|---|
| Dewey Decimal Classification | GRACE BIBLE COLLEGE | GRACE BIBLE COLLEGE | Ministry & Mission | 2017-10-16 | 2 | 248.47 TOW | 011839 | 2025-05-01 | 2021-04-15 | c.4 | 2017-10-16 | Books | ||||
| Dewey Decimal Classification | GRACE BIBLE COLLEGE | GRACE BIBLE COLLEGE | Ministry & Mission | 2018-01-10 | 248.47 TOW | 011836 | 2025-05-01 | c.1 | 2018-01-10 | Books | ||||||
| Dewey Decimal Classification | GRACE BIBLE COLLEGE | GRACE BIBLE COLLEGE | Ministry & Mission | 2018-01-10 | 248.47 TOW | 011837 | 2025-05-01 | c.2 | 2018-01-10 | Books | ||||||
| Dewey Decimal Classification | GRACE BIBLE COLLEGE | GRACE BIBLE COLLEGE | Ministry & Mission | 2018-01-10 | 248.47 TOW | 011838 | 2025-05-01 | c.3 | 2018-01-10 | Books | ||||||
| Dewey Decimal Classification | GRACE BIBLE COLLEGE | GRACE BIBLE COLLEGE | Ministry & Mission | 2018-01-10 | 1 | 248.47 TOW | 011840 | 2025-05-01 | 2022-11-04 | c.5 | 2018-01-10 | Books |